Deelgemeenten van Landen - Statistieken

Algemene statistieken
  • Deze quiz is 8 keer genomen
  • De gemiddelde score is 8 van 14
Antwoorden op de kaart
Antwoorden kleurgecodeerd door een groen-rode schaal op de quizkaart volgens % correct hieronder.
 
Antwoordstatistieken
Antwoord % Correct
Landen
100%
Neerlanden
80%
Eliksem
60%
Ezemaal
60%
Laar
60%
Neerwinden
60%
Overwinden
60%
Rumsdorp
60%
Walsbets
60%
Walshoutem
60%
Wange
60%
Attenhoven
40%
Waasmont
40%
Wezeren
40%
Geen overeenkomende quizzen gevonden
Scoreverdeling
Procent van Mensen met Elke Score
Percentiel versus Aantal Correcte Antwoorden
Uw Scoregeschiedenis
U heeft deze quiz nog niet genomen